| 000 | 00735nam a2200205Ia 4500 | ||
|---|---|---|---|
| 001 | 3237 | ||
| 003 | GE_BSU | ||
| 008 | 181216s||||||||xx |||||||||||||| ||und|| | ||
| 040 | _cGE_BSU | ||
| 080 | _a624.001.2(035) | ||
| 100 | _aВеличкин,А.П. Козлов,В.Ш. Харитов,И.Г. и др. | ||
| 245 | _aСправочник проектировщика инженерных сооружений. | ||
| 245 | _cПод ред. А.П.Величкина и В.Ш.Козлова. | ||
| 260 | _aКиев. | ||
| 260 | _bБудiвельник. | ||
| 260 | _c1973. | ||
| 300 | _a551 стр. 25 см. | ||
| 653 | _aСправочник проектировщика инженерных сооружений. | ||
| 942 | _cBK | ||
| 999 |
_c37278 _d37278 |
||